Univerzity čelia problémom
Chýbajú učebné priestory, financie, sužuje ich prebytok, ale niekde aj nedostatok žiakov. Indický "zázrak". Americký vzor. Európske problémy. Slovenské špecifiká.
Na minha lista:
| Autor principal: | |
|---|---|
| Formato: | Capítulo de Livro |
| Idioma: | eslovaco |
| Assuntos: | |
| Tags: |
Sem tags, seja o primeiro a adicionar uma tag!
|
MARC
| LEADER | 00000naa$a2200000$$$4500 | ||
|---|---|---|---|
| 001 | 0002000 | ||
| 005 | 20230920090925.9 | ||
| 041 | 0 | |a slo | |
| 044 | |a SK | ||
| 245 | 1 | 0 | |a Univerzity čelia problémom |c aut. Ivan Polakovič |
| 520 | |a Chýbajú učebné priestory, financie, sužuje ich prebytok, ale niekde aj nedostatok žiakov. Indický "zázrak". Americký vzor. Európske problémy. Slovenské špecifiká. | ||
| 610 | 2 | 0 | |a Slovensko |
| 610 | 2 | 0 | |a univerzity |
| 610 | 2 | 0 | |a školy vysoké |
| 610 | 2 | 0 | |a študenti |
| 610 | 2 | 0 | |a financie |
| 610 | 2 | 0 | |a svet |
| 100 | 1 | |a Polakovič, Ivan | |